Halo : Combat evolved

Here is the exclusive official book for the PC version of the best-selling XBox game, Halo: Combat Evolved, from Microsoft. The PC product refines and improves upon the Xbox version -- which many consider the "best first-person shooter ever" (EGM) -- with greatly enhanced multiplayer capab...

ver descrição completa

Na minha lista:
Detalhes bibliográficos
Autor principal: Radcliffe, Doug
Formato: Livro
Idioma:Undetermined
Publicado em: Alameda, CA Sybex 2003
Assuntos:
Tags: Adicionar Tag
Sem tags, seja o primeiro a adicionar uma tag!
Thư viện lưu trữ: Trung tâm Học liệu Trường Đại học Cần Thơ
LEADER 01279nam a2200217Ia 4500
001 CTU_162991
008 210402s9999 xx 000 0 und d
020 |c 19.99 
082 |a 793.932 
082 |b R125 
100 |a Radcliffe, Doug 
245 0 |a Halo : 
245 0 |b Combat evolved 
245 0 |c Doug Radcliffe 
260 |a Alameda, CA 
260 |b Sybex 
260 |c 2003 
520 |a Here is the exclusive official book for the PC version of the best-selling XBox game, Halo: Combat Evolved, from Microsoft. The PC product refines and improves upon the Xbox version -- which many consider the "best first-person shooter ever" (EGM) -- with greatly enhanced multiplayer capabilities and new weapons and vehicles. This book, written by one of the most respected authors in the business, devotes considerable emphasis on the new aspects, including detailed maps for all the multiplayer levels and advanced multiplayer tactics. Complete walkthroughs, in-depth statistics, detailed maps, advanced multiplayer strategies, plus a full-color poster in every copy, make this book a "must-have" for Halo aficionados and newcomers. 
650 |a Computer games 
904 |i Dương Thị Huyền Trang, Giang 
980 |a Trung tâm Học liệu Trường Đại học Cần Thơ